000 00372nam a2200157Ia 4500
008 230524s9999 xx 000 0 und d
082 _a4.16
_bMOR
100 _aTodd D.Morton
_97317
245 0 _aEmbedded Microcontrollers
250 _a1ST
260 _aNEW DELHI
_bPearson
_c2003
300 _a694
500 _aQuantity Number: 1
650 _aComp-Sc
942 _cBK
999 _c10421
_d10421